000 00484nam a2200181Ia 4500
003 GCL
008 140319s9999 xx 000 0 ara d
040 _aGCL /
_cGCL
082 0 4 _a819.9
_bع ع
100 1 _aعباس محمود العقاد
245 1 0 _aعالم السدود والقيود /
_cعباس محمود العقاد
300 _a221 ص
490 _a
650 0 4 _aالادب العربى
650 0 4 _aالادباء
650 0 4 _aالعقاد
942 _2ddc
_cBK
999 _c45559
_d45559